000 00465nam a22001577a 4500
999 _c41257
_d41257
003 OSt
005 20210412113004.0
008 210412b ||||| |||| 00| 0 eng d
040 _coclc
082 _a297
_bKAR/V
100 _91839
_a Karakunnu, Sheikh Mohammed
245 _aVivahamochanam/
_cSheikh Muhammed Karakunnu
260 _aKozhikode:
_bIslamic Publishing House,
300 _a48 Pages
942 _2ddc
_cBK
_h297
_iKAR/V
_k297
_mKAR/V